00353nam a2200121Ia 4500008004100000024003000041082001700071100003700088245002200125260002500147600002100172650003800193250506s9999 xx 000 0 und d a05B-29-BS & 05B-16-BS a005.1072 IDR aM. idrees Khan & M. Aneeq Shafiq 0aTraffic Simulator aKarachi:bUIT,c2005 aComputer Science aBachelor of Computer Science (BS)